<?xml version="1.0" encoding="UTF-8"?>
<collection xmlns="http://www.loc.gov/MARC21/slim">
 <record>
  <leader>02337nam a2200361 a 4500</leader>
  <controlfield tag="001">TVCDKTCT6961</controlfield>
  <controlfield tag="003">Thư viện trường Cao đẳng Kỹ thuật Cao Thắng</controlfield>
  <controlfield tag="005">20170529133251.9</controlfield>
  <controlfield tag="008">070522</controlfield>
  <datafield tag="980" ind1="\" ind2="\">
   <subfield code="a">Thư viện Trường CĐ Kỹ Thuật Cao Thắng</subfield>
  </datafield>
  <datafield tag="024" ind1=" " ind2=" ">
   <subfield code="a">RG_1 #1 eb0 i1</subfield>
  </datafield>
  <datafield tag="041" ind1="0" ind2="#">
   <subfield code="a">vie</subfield>
  </datafield>
  <datafield tag="082" ind1="#" ind2="#">
   <subfield code="a">621.3 / </subfield>
   <subfield code="b">C460Đ-tr</subfield>
  </datafield>
  <datafield tag="100" ind1="1" ind2="#">
   <subfield code="a">Trương Hữu Chí</subfield>
  </datafield>
  <datafield tag="245" ind1="0" ind2="0">
   <subfield code="a">Cơ điện tử trong chế tạo máy / </subfield>
   <subfield code="c">Trương Hữu Chí, Võ Thị Ry</subfield>
  </datafield>
  <datafield tag="260" ind1="#" ind2="#">
   <subfield code="a">Hà Nội : </subfield>
   <subfield code="b">Khoa học  và Kỹ thuật , </subfield>
   <subfield code="c">2007</subfield>
  </datafield>
  <datafield tag="300" ind1="#" ind2="#">
   <subfield code="a">368tr. ; </subfield>
   <subfield code="c">24cm</subfield>
  </datafield>
  <datafield tag="520" ind1="#" ind2="#">
   <subfield code="a">Chương 1: Khái niệm về cơ điện tử</subfield>
  </datafield>
  <datafield tag="520" ind1="#" ind2="#">
   <subfield code="a">Chương 2: Các thành phần đặc trưng của sản phẩm cơ điện tử</subfield>
  </datafield>
  <datafield tag="520" ind1="#" ind2="#">
   <subfield code="a">Chương 3: Mô hình hệ thống</subfield>
  </datafield>
  <datafield tag="520" ind1="#" ind2="#">
   <subfield code="a">Chương 4: Đáp ứng động học của hệ thống</subfield>
  </datafield>
  <datafield tag="520" ind1="#" ind2="#">
   <subfield code="a">Chương 5: Các bộ điều khiển</subfield>
  </datafield>
  <datafield tag="520" ind1="#" ind2="#">
   <subfield code="a">Chương 6: Phân tích không gian trạng thái và đặc tính của hệ thống</subfield>
  </datafield>
  <datafield tag="520" ind1="#" ind2="#">
   <subfield code="a">Chương 7: Trường hợp nghiên cứu máy công cụ CNC</subfield>
  </datafield>
  <datafield tag="520" ind1="#" ind2="#">
   <subfield code="a">Chương 8: Thiết kế và công cụ thiết kế</subfield>
  </datafield>
  <datafield tag="520" ind1="#" ind2="#">
   <subfield code="a">Cơ điện tử là sự kết hợp đồng vận của kỹ thuật cơ khí, điều khiển điện tử và tư duy hệ thống trong thiết kế sản phẩm và các quá trình sản xuất.  Cơ điện tử được xem như là sự tích hợp của kỹ thuật cơ khí, điện và điện tử, là mối quan tâm của các nghành , các cấp  và niềm mong  muốn đột phá vào lĩnh vực  cơ điện tử của các ngành , các đơn vị nghiên cứu, sản xuất trong nước. cuốn sách gồm có 8 chương :</subfield>
  </datafield>
  <datafield tag="650" ind1="#" ind2="4">
   <subfield code="a">Chế tạo máy</subfield>
  </datafield>
  <datafield tag="650" ind1="#" ind2="4">
   <subfield code="a">Cơ điện tử</subfield>
  </datafield>
  <datafield tag="650" ind1="#" ind2="4">
   <subfield code="a">Điện tử</subfield>
  </datafield>
  <datafield tag="700" ind1="0" ind2="#">
   <subfield code="a">Võ Thị Ry</subfield>
  </datafield>
  <datafield tag="721" ind1="#" ind2="#">
   <subfield code="a">CNKT Cơ điện tử</subfield>
  </datafield>
  <datafield tag="721" ind1="#" ind2="#">
   <subfield code="a">CNKT Điện tử</subfield>
  </datafield>
  <datafield tag="841" ind1="#" ind2="#">
   <subfield code="b">Kho Sách </subfield>
   <subfield code="j">100020934, 100020944, 100020945, 100020950, 100020974, 100020990, 100026570, 100026575, 100026580, 100026585, 100026605</subfield>
  </datafield>
 </record>
</collection>
